Southville International School and Colleges
Your cart is empty.
  • Cart
  • Lists
    Public lists Eva Luna New books Lux_list list_1
    Your lists Log in to create your own lists
  • Log in to your account
  • Your cookies
  • Search history
Southville International School and Colleges
  • Advanced search
  • Recent comments
  • Most popular
  • Libraries

Log in to your account

Log in with GOOGLE


If you do not have an external account, but do have a local account, you can still log in:

  1. Home
  2. MARC view: Delta moonfire.
Normal view MARC view ISBD view

Delta moonfire. (Record no. 24090)

[ view plain ]
MARC details
000 -LEADER
fixed length control field 00434nam a2200169 a 4500
005 - DATE AND TIME OF LATEST TRANSACTION
control field 20140310183507.0
008 - FIXED-LENGTH DATA ELEMENTS--GENERAL INFORMATION
fixed length control field 100918s19uu xx 00 eng d
020 ## - INTERNATIONAL STANDARD BOOK NUMBER
International Standard Book Number 082173928
050 ## - LIBRARY OF CONGRESS CALL NUMBER
Classification number PZ 7
Item number .W766 1992
100 ## - MAIN ENTRY--PERSONAL NAME
Personal name Windsor, Linda
245 ## - TITLE STATEMENT
Title Delta moonfire.
Statement of responsibility, etc Linda Windsor
260 ## - PUBLICATION, DISTRIBUTION, ETC. (IMPRINT)
Place of publication, distribution, etc New York :
Name of publisher, distributor, etc Kensington Pub. Co,
Date of publication, distribution, etc 1992.
300 ## - PHYSICAL DESCRIPTION
Extent 448 p. :
Dimensions 17 cm.
650 ## - SUBJECT ADDED ENTRY--TOPICAL TERM
Topical term or geographic name as entry element Fiction
942 ## - ADDED ENTRY ELEMENTS (KOHA)
Koha item type Books
Source of classification or shelving scheme Library of Congress Classification
Holdings
Withdrawn status Lost status Source of classification or shelving scheme Damaged status Home library Current library Shelving location Date acquired Total Checkouts Full call number Barcode Date last seen Copy number Price effective from Koha item type
    Library of Congress Classification   College Library College Library Fiction Section 09/18/2010   PZ 7 .W766 1992 C11445 05/08/2018 1 10/18/2013 Books

Delta moonfire.

APA

Windsor L., . (1992). Delta moonfire. New York: Kensington Pub. Co.

Chicago

Windsor Linda, . 1992. Delta moonfire. New York: Kensington Pub. Co.

Harvard

Windsor L., . (1992). Delta moonfire. New York: Kensington Pub. Co.

MLA

Windsor Linda, . Delta moonfire. New York: Kensington Pub. Co. 1992.

  • Place hold
  • Print
  • Cite
  • Add to your cart (remove)
  • Save record
    BIBTEX Dublin Core MARCXML MARC (non-Unicode/MARC-8) MARC (Unicode/UTF-8) MARC (Unicode/UTF-8, Standard) MODS (XML) RIS
  • More searches
    Search for this title in:
    Other Libraries (WorldCat) Other Databases (Google Scholar) Online Stores (Bookfinder.com) Open Library (openlibrary.org)

Exporting to Dublin Core...

SOUTHVILLE LIBRARY

Southville International School and Colleges Library

1281 Tropical Ave. Cor. Luxembourg St., BF Homes International, Las Pinas City

Tel. No. 8256374 / 252358 Loc. 117/146

Powered by Koha